LEADER 01555nam a2200337 a 4500 001 000000160455 003 CaOOAMICUS 005 20170503090006.0 008 170503s2006 fr u000 u fre r 020 $a2-915313-80-6 (Editions de l'Emmanuel)* 020 $a2-914624-79-4 (Paulines)* 032 $aLibriCat 040 $aPUL$bita 082 04$a261 100 1 $aPradère, Martin.$0(OLS)http://pul/name/75469 245 10$aDe toutes les nations, faites des disciples :$bPour une évangélisation respectueuse des cultures /$cMartin Pradère. 260 $aParis :$bEditions de l'Emmanuel,$c©2006$a[S.l.] :$bPaulines 300 $a191 p. ;$c23 cm. 504 $aBibliografia in nota. 650 4$aEvangelizzazione.$0(OLS)http://pul/subject/1355 650 4$aCristianesimo e cultura.$0(OLS)http://pul/subject/18953 850 $aPUL 852 $aPUL$W1$xSL Religione 3$y85$m261 PRAMA 1$j184067$qDDC 21$B187276$CPULBib$Z2$F187276 $H129532 $81 941 1 $a9 996 $6020$a2-915313-80-6 (Editions de l'Emmanuel)*$9(OLS)http://pul/number/162544 996 $6020$a2-914624-79-4 (Paulines)*$9(OLS)http://pul/number/162545 996 $6082$a261$9(OLS)http://pul/classification/378 996 $6245$aDe toutes les nations, faites des disciples :$bPour une évangélisation respectueuse des cultures$9(OLS)http://pul/title/200100 996 $6260$aParis :$bEditions de l'Emmanuel$9(OLS)http://pul/publisher/74849 996 $6260$a[S.l.] :$bPaulines$9(OLS)http://pul/publisher/86258 LEADER 01206nam a2200289 a 4500 001 000000174551 003 CaOOAMICUS 005 20210609134155.0 008 210609s2020 it a 001 u ita r 020 $a978-88-343-4311-1* 032 $aLibriCat 040 $aPUL$bita 100 1 $aColombo, Paolo,$d1961-$0(OLS)http://pul/name/78478 245 10$aHistory telling : $besperimenti di storia narrata / $cPaolo Colombo. 260 $aMilano :$bVita e pensiero,$c©2020. 300 $a264 p. :$bill.;$c22 cm 490 1 $aCultura e storia ;$v37 504 $aInclude riferimenti bibliografici. 650 4$aStoria$xMetodologia.$0(OLS)http://pul/subject/6708 830 0$aCultura e storia (Vita e Pensiero) ;$v37.$0(OLS)http://pul/title/1596 850 $aPUL 852 $aPUL$W1$xDP1 Cons. Gen., Altre Classi 1$y22$m388 P 37$j198866$qStampati$B203493$CPULBib$Z2$F203493 $H135006 $82 941 1 $a8 996 $6020$a978-88-343-4311-1*$9(OLS)http://pul/number/168193 996 $6245$aHistory telling : $besperimenti di storia narrata / $9(OLS)http://pul/title/215849 996 $6260$aMilano :$bVita e pensiero$9(OLS)http://pul/publisher/48016